[Event "NCA-ch sf"]
[Site "Managua"]
[Date "2023.01.29"]
[Round "3.6"]
[White "Flores, Manuel"]
[Black "Mendoza Taisigue, Jackson Alexander"]
[Result "1/2-1/2"]
[WhiteElo "1811"]
[BlackElo "1949"]
[PlyCount "39"]
[EventDate "2023.01.28"]
[EventType "swiss"]
[EventRounds "9"]
[EventCountry "NCA"]
[SourceTitle "CBM 213 Extra"]
[Source "ChessBase"]
[SourceDate "2023.05.31"]
[SourceVersion "1"]
[SourceVersionDate "2023.05.31"]
[SourceQuality "1"]

1. d4 Nf6 2. c4 e6 3. Nf3 d5 4. Bg5 Nbd7 5. e3 c6 6. Nc3 Qa5 7. Bxf6 Nxf6 8. Bd3 Bb4 9. Qc2 0-0 10. 0-0 c5 11. a3 Bxc3 12. bxc3 dxc4 13. Bxc4 b6 14. Rfb1 Ba6 15. Bxa6 Qxa6 16. dxc5 bxc5 17. c4 Rab8 18. Qd3 Rbd8 19. Qc2 Rb8 20. Qd3 1/2-1/2

[Event "Managua Bayardo Muniz Memorial 4th"]
[Site "Managua"]
[Date "2022.03.19"]
[Round "7"]
[White "Vanegas Lopez, Natanael Emanuel"]
[Black "Flores, Manuel"]
[Result "1/2-1/2"]
[WhiteElo "1893"]
[BlackElo "1860"]
[PlyCount "34"]
[EventDate "2022.03.05"]
[EventType "tourn"]
[EventRounds "9"]
[EventCountry "NCA"]
[SourceTitle "EXT 2023"]
[Source "ChessBase"]
[SourceDate "2022.10.05"]
[SourceVersion "1"]
[SourceVersionDate "2022.10.05"]
[SourceQuality "1"]

1. d4 d5 2. Nf3 Nf6 3. c4 c6 4. Nbd2 e6 5. e3 Nbd7 6. Bd3 Bd6 7. e4 dxe4 8. Nxe4 Nxe4 9. Bxe4 Nf6 10. Bc2 0-0 11. 0-0 h6 12. Bd2 Qc7 13. Bc3 b6 14. Re1 Bb7 15. Qd3 Rfe8 16. d5 e5 17. Rad1 Rad8 1/2-1/2

[Event "NCA-ch sf"]
[Site "Managua"]
[Date "2022.02.26"]
[Round "7"]
[White "Flores, Manuel"]
[Black "Martinez Thomas, Gregory Aubrey"]
[Result "1/2-1/2"]
[WhiteElo "1880"]
[BlackElo "1461"]
[PlyCount "73"]
[EventDate "2022.02.12"]
[EventType "swiss"]
[EventRounds "9"]
[EventCountry "NCA"]
[SourceTitle "EXT 2023"]
[Source "ChessBase"]
[SourceDate "2022.10.05"]
[SourceVersion "1"]
[SourceVersionDate "2022.10.05"]
[SourceQuality "1"]

1. d4 Nf6 2. c4 g6 3. g3 Bg7 4. Bg2 0-0 5. Nc3 d6 6. Nf3 a6 7. 0-0 Nc6 8. Bg5 Rb8 9. Rc1 Bd7 10. d5 Na5 11. b3 c5 12. dxc6 Nxc6 13. Nd5 Nxd5 14. cxd5 Ne5 15. Qd2 Nxf3+ 16. Bxf3 f6 17. Bh6 Bh3 18. Rfe1 Qd7 19. Bxg7 Kxg7 20. Qd4 Rbc8 21. Rxc8 Rxc8 22. Qd2 Qc7 23. Bg2 Bxg2 24. Kxg2 Qc3 25. Rd1 Qxd2 26. Rxd2 f5 27. f4 Rc3 28. Kf2 Kf6 29. a4 e6 30. dxe6 Kxe6 31. e3 Kd7 32. Ke2 Rc1 33. Kf3 Rf1+ 34. Kg2 Re1 35. Kf2 Rh1 36. Kg2 Re1 37. Kf2 1/2-1/2

[Event "NCA-ch Fase 2"]
[Site "Managua"]
[Date "2022.02.05"]
[Round "7"]
[White "Arevalo Lopez, Josue"]
[Black "Flores, Manuel"]
[Result "1-0"]
[WhiteElo "1968"]
[BlackElo "1951"]
[PlyCount "95"]
[EventDate "2022.01.22"]
[EventType "swiss"]
[EventRounds "9"]
[EventCountry "NCA"]
[SourceTitle "CBM 207 Extra"]
[Source "ChessBase"]
[SourceDate "2022.05.31"]
[SourceVersion "1"]
[SourceVersionDate "2022.05.31"]
[SourceQuality "1"]

1. d4 d5 2. Bf4 Nf6 3. e3 e6 4. Nd2 c5 5. c3 Nc6 6. Bd3 cxd4 7. cxd4 Bd6 8. Bxd6 Qxd6 9. f4 0-0 10. Ngf3 Bd7 11. a3 a6 12. Ne5 b5 13. Nb3 Ne4 14. Bxe4 dxe4 15. Nc5 Nxe5 16. fxe5 Qd5 17. 0-0 Bc6 18. Rf4 Qd8 19. Rc1 Bd5 20. Qh5 g6 21. Qg4 f5 22. exf6 Rxf6 23. Rxf6 Qxf6 24. Nxe4 Qe7 25. Rf1 Bc4 26. Rf2 Rd8 27. h4 Bd3 28. Qg5 Qxg5 29. Nxg5 Rd6 30. Rd2 Bc4 31. Nf3 a5 32. Ne5 Bb3 33. Rd3 Bd5 34. Rc3 b4 35. Rc8+ Kg7 36. Rc7+ Kg8 37. axb4 axb4 38. g4 Ra6 39. h5 Ra1+ 40. Kf2 gxh5 41. gxh5 Rh1 42. Ng4 Rb1 43. h6 Rxb2+ 44. Kg3 Rg2+ 45. Kf4 Rxg4+ 46. Kxg4 b3 47. Kg5 Kf8 48. Rxh7 1-0

[Event "NCA-ch Fase 2"]
[Site "Managua"]
[Date "2022.01.30"]
[Round "6"]
[White "Flores, Manuel"]
[Black "Ortiz, Heriberto"]
[Result "1/2-1/2"]
[WhiteElo "1951"]
[BlackElo "1835"]
[PlyCount "79"]
[EventDate "2022.01.22"]
[EventType "swiss"]
[EventRounds "9"]
[EventCountry "NCA"]
[SourceTitle "CBM 207 Extra"]
[Source "ChessBase"]
[SourceDate "2022.05.31"]
[SourceVersion "1"]
[SourceVersionDate "2022.05.31"]
[SourceQuality "1"]

1. d4 Nf6 2. c4 g6 3. Nc3 Bg7 4. e4 d6 5. Be2 0-0 6. Be3 Nbd7 7. f4 c6 8. e5 Ne8 9. Nf3 Nc7 10. 0-0 a6 11. a4 d5 12. Qb3 dxc4 13. Bxc4 e6 14. Ne4 b5 15. axb5 cxb5 16. Bd3 Nd5 17. Bd2 N7b6 18. Nd6 Bd7 19. Rac1 Qe7 20. Be4 Ra7 21. g3 Rb8 22. Ne1 Be8 23. Nd3 Rba8 24. Ba5 Rb8 25. Bxd5 Nxd5 26. Nc8 Qb7 27. Nxa7 Qxa7 28. Nc5 b4 29. Qd3 Bb5 30. Qd2 Be8 31. Ne4 Bf8 32. Nf6+ Nxf6 33. exf6 Qd7 34. Bc7 Ra8 35. Be5 Qd5 36. Rc7 Bc6 37. Rc1 Qh1+ 38. Kf2 Qxh2+ 39. Ke1 Qg1+ 40. Ke2 1/2-1/2

[Event "Managua Hurtado Memorial op"]
[Site "Managua"]
[Date "2021.12.29"]
[Round "6"]
[White "Flores, Manuel"]
[Black "Useda Bodan, Jesus Ernesto"]
[Result "0-1"]
[WhiteElo "1951"]
[BlackElo "1496"]
[PlyCount "94"]
[EventDate "2021.12.26"]
[EventType "swiss"]
[EventRounds "9"]
[EventCountry "NCA"]
[SourceTitle "CBM 206 Extra"]
[Source "ChessBase"]
[SourceDate "2022.03.31"]
[SourceVersion "1"]
[SourceVersionDate "2022.03.31"]
[SourceQuality "1"]

1. d4 Nf6 2. c4 g6 3. Nc3 Bg7 4. e4 d6 5. Be2 0-0 6. h3 Nbd7 7. Nf3 e5 8. dxe5 dxe5 9. Be3 b6 10. 0-0 Bb7 11. Qc2 Qe7 12. Nd5 Nxd5 13. cxd5 Nf6 14. Rfc1 Rac8 15. a4 c6 16. dxc6 Bxc6 17. Qd3 Bb7 18. Qb1 Rxc1+ 19. Bxc1 Qb4 20. Bd2 Qd6 21. Bc3 Nh5 22. a5 Ra8 23. g4 Nf4 24. Bf1 h6 25. Bd2 f5 26. Bxf4 exf4 27. Bd3 Rd8 28. Ne1 fxg4 29. hxg4 Bd4 30. Kg2 Qd7 31. f3 Qe7 32. Kh3 h5 33. Qc1 hxg4+ 34. fxg4 Qh7+ 35. Kg2 g5 36. Nf3 Bxe4 37. Qc4+ Kh8 38. Bxe4 Qxe4 39. Rd1 b5 40. Rxd4 bxc4 41. Rxe4 Rb8 42. Nxg5 Rxb2+ 43. Kf3 c3 44. Rc4 c2 45. Kxf4 Rb4 46. Rxb4 c1Q+ 47. Kf5 Qc5+ 0-1

[Event "Managua Hurtado Memorial op"]
[Site "Managua"]
[Date "2021.12.27"]
[Round "2"]
[White "Monge Lopez, Jairo Humberto"]
[Black "Flores, Manuel"]
[Result "0-1"]
[WhiteElo "1581"]
[BlackElo "1951"]
[PlyCount "70"]
[EventDate "2021.12.26"]
[EventType "swiss"]
[EventRounds "9"]
[EventCountry "NCA"]
[SourceTitle "CBM 206 Extra"]
[Source "ChessBase"]
[SourceDate "2022.03.31"]
[SourceVersion "1"]
[SourceVersionDate "2022.03.31"]
[SourceQuality "1"]

1. e4 c5 2. Nf3 Nc6 3. Bc4 e6 4. c3 d5 5. exd5 exd5 6. Bb3 Nf6 7. d4 cxd4 8. Nxd4 Be7 9. Bg5 h6 10. Bh4 0-0 11. Nd2 Nxd4 12. cxd4 Qb6 13. Nf3 Bb4+ 14. Kf1 Bg4 15. Bxf6 Qxf6 16. h3 Bxf3 17. gxf3 Rfe8 18. Qd3 Rad8 19. Bc2 g6 20. Rg1 Rd6 21. a3 Ba5 22. Qb5 Qd8 23. Qxb7 Bb6 24. Qa6 Bxd4 25. Qd3 Bxb2 26. Rb1 Bg7 27. Rg4 h5 28. Rg2 Qh4 29. Rb7 Qxh3 30. f4 Qh1+ 31. Rg1 Re1+ 32. Kxe1 Qxg1+ 33. Kd2 Qxf2+ 34. Qe2 Qxf4+ 35. Kd1 Re6 0-1

[Event "Managua Ramirez de Arellano Memorial"]
[Site "Managua"]
[Date "2021.08.08"]
[Round "8"]
[White "Rocha, Maximiliano"]
[Black "Flores, Manuel"]
[Result "0-1"]
[WhiteElo "2111"]
[BlackElo "1929"]
[PlyCount "86"]
[EventDate "2021.07.10"]
[EventType "swiss"]
[EventRounds "9"]
[EventCountry "NCA"]
[SourceTitle "EXT 2023"]
[Source "ChessBase"]
[SourceDate "2022.10.05"]
[SourceVersion "1"]
[SourceVersionDate "2022.10.05"]
[SourceQuality "1"]

1. e4 c5 2. b3 e5 3. Bb2 Nc6 4. Bc4 d6 5. Nc3 Nf6 6. d3 Be7 7. Nge2 0-0 8. 0-0 Nd4 9. f4 Bg4 10. fxe5 dxe5 11. h3 Bh5 12. g4 Bg6 13. Ng3 Qd7 14. a4 h5 15. Nf5 hxg4 16. hxg4 Kh7 17. Kg2 Rh8 18. Rh1+ Kg8 19. Rxh8+ Kxh8 20. Kg3 Bxf5 21. exf5 g6 22. fxg6 fxg6 23. Ne4 Rf8 24. Nxf6 Rxf6 25. Bxd4 Qxd4 26. Qd2 Rf4 27. Rh1+ Kg7 28. Be6 Bg5 29. Qe2 e4 30. Bc4 Qe5 31. Kg2 e3 32. Rf1 Rxf1 33. Qxf1 Bh4 34. Qf7+ Kh6 35. Qf8+ Kg5 36. Qd8+ Kxg4 37. Qd7+ Kh5 38. Bd5 Qg3+ 39. Kh1 Qe1+ 40. Kg2 Qf2+ 41. Kh1 Bf6 42. Be4 Qf1+ 43. Kh2 Be5# 0-1

[Event "Managua Ramirez de Arellano Memorial"]
[Site "Managua"]
[Date "2021.07.11"]
[Round "2"]
[White "Martinez Orozco, Cristiana Yorlene"]
[Black "Flores, Manuel"]
[Result "0-1"]
[WhiteElo "1430"]
[BlackElo "1929"]
[PlyCount "78"]
[EventDate "2021.07.10"]
[EventType "swiss"]
[EventRounds "9"]
[EventCountry "NCA"]
[SourceTitle "EXT 2023"]
[Source "ChessBase"]
[SourceDate "2022.10.05"]
[SourceVersion "1"]
[SourceVersionDate "2022.10.05"]
[SourceQuality "1"]

1. d4 d5 2. Nf3 Nf6 3. Bg5 Ne4 4. Bf4 c5 5. e3 e6 6. Nbd2 Nxd2 7. Qxd2 Nc6 8. c3 a6 9. Bd3 Bd6 10. Ne5 Qc7 11. 0-0 Nxe5 12. dxe5 Bxe5 13. Bxe5 Qxe5 14. Rad1 0-0 15. Bc2 f5 16. f4 Qf6 17. Rf3 b5 18. Rh3 Bb7 19. Qe2 g6 20. g4 Rad8 21. g5 Qe7 22. Rh6 e5 23. Rd2 Rfe8 24. Kf1 d4 25. cxd4 exd4 26. exd4 Rxd4 27. Qxe7 Rxf4+ 28. Rf2 Rxf2+ 29. Kxf2 Rxe7 30. Rh4 Kf8 31. b4 cxb4 32. Rxb4 Rc7 33. Rb2 Ke7 34. Bb3 Kd6 35. Rd2+ Ke5 36. h4 a5 37. Bd1 Ke4 38. Kg3 Rc3+ 39. Kh2 Rd3 0-1

[Event "NCA-ch final"]
[Site "Managua"]
[Date "2021.03.21"]
[Round "9"]
[White "Flores, Manuel"]
[Black "Espinoza Solano, Jose Nahum"]
[Result "0-1"]
[WhiteElo "1879"]
[BlackElo "2054"]
[PlyCount "98"]
[EventDate "2021.03.06"]
[EventType "tourn"]
[EventRounds "11"]
[EventCountry "NCA"]
[SourceTitle "EXT 2022"]
[Source "ChessBase"]
[SourceDate "2021.10.06"]
[SourceVersion "1"]
[SourceVersionDate "2021.10.06"]
[SourceQuality "1"]

1. d4 Nf6 2. c4 c5 3. d5 d6 4. Nc3 e5 5. e4 Be7 6. f4 exf4 7. Bxf4 0-0 8. Be2 Nbd7 9. Nf3 Ng4 10. 0-0 Nge5 11. Qd2 Bf6 12. Nb5 Nxf3+ 13. gxf3 Ne5 14. Kh1 a6 15. Nc3 Ng6 16. Be3 Re8 17. Rg1 Qe7 18. Bg5 Bd7 19. Rg3 Bxg5 20. Rxg5 Qf6 21. Rag1 Re5 22. Rxe5 Qxe5 23. Qg5 Re8 24. Rg3 Qxg5 25. Rxg5 h6 26. Rg3 Nf4 27. Bf1 Kf8 28. h3 g5 29. Kh2 Ke7 30. b3 Kf6 31. Rg1 Ke5 32. Kg3 Kd4 33. Nd1 b5 34. Rh1 Ng6 35. Kf2 h5 36. Ne3 h4 37. Nf5+ Ke5 38. Rg1 f6 39. Ne3 Nf4 40. Rh1 b4 41. Nc2 a5 42. Ke3 Ra8 43. Ne1 a4 44. Rh2 axb3 45. axb3 Ra3 46. Rb2 Ba4 47. Nc2 Rxb3+ 48. Rxb3 Bxb3 49. Ne1 Ba2 0-1

[Event "NCA-ch final"]
[Site "Managua"]
[Date "2021.03.13"]
[Round "4"]
[White "Flores, Manuel"]
[Black "Picado, Jorge Luis"]
[Result "0-1"]
[WhiteElo "1879"]
[BlackElo "2193"]
[PlyCount "118"]
[EventDate "2021.03.06"]
[EventType "tourn"]
[EventRounds "11"]
[EventCountry "NCA"]
[SourceTitle "EXT 2022"]
[Source "ChessBase"]
[SourceDate "2021.10.06"]
[SourceVersion "1"]
[SourceVersionDate "2021.10.06"]
[SourceQuality "1"]

1. d4 c5 2. d5 d6 3. c4 e5 4. e4 Be7 5. Nc3 Bg5 6. Nf3 Bxc1 7. Rxc1 Ne7 8. Bd3 Ng6 9. 0-0 a6 10. h3 Nf4 11. Ne2 Nxd3 12. Qxd3 0-0 13. Ng3 Nd7 14. Nd2 g6 15. f4 b5 16. b3 Rb8 17. f5 Qg5 18. Kh2 Nf6 19. fxg6 fxg6 20. Rc3 b4 21. Rcc1 Bd7 22. Rf3 Rf7 23. Rcf1 Rbf8 24. R1f2 Qh6 25. Kg1 Be8 26. Qf1 Kg7 27. Qa1 Nd7 28. Rxf7+ Rxf7 29. Rxf7+ Kxf7 30. Ndf1 Qf4 31. a3 a5 32. axb4 axb4 33. Qe1 Nf6 34. Nd2 Bd7 35. Qf2 Qg5 36. Kh2 h5 37. Ngf1 h4 38. Qe3 Qf4+ 39. Qxf4 exf4 40. Kg1 g5 41. Nh2 g4 42. hxg4 Bxg4 43. Kf2 Kg6 44. Nhf3 h3 45. gxh3 Bxh3 46. e5 Ng4+ 47. Ke2 Nxe5 48. Nxe5+ dxe5 49. Ne4 Bg4+ 50. Kf2 Bf5 51. Nxc5 e4 52. Na6 e3+ 53. Ke1 f3 54. Nxb4 f2+ 55. Ke2 Bg4+ 56. Kxe3 f1Q 57. Nd3 Bf5 58. Nf4+ Kg5 59. Ne2 Qb1 0-1

[Event "NCA-ch final"]
[Site "Managua"]
[Date "2021.03.06"]
[Round "1"]
[White "Pilarte Tijerino, Rene Antonio"]
[Black "Flores, Manuel"]
[Result "1/2-1/2"]
[WhiteElo "2069"]
[BlackElo "1879"]
[PlyCount "102"]
[EventDate "2021.03.06"]
[EventType "tourn"]
[EventRounds "11"]
[EventCountry "NCA"]
[SourceTitle "EXT 2022"]
[Source "ChessBase"]
[SourceDate "2021.10.06"]
[SourceVersion "1"]
[SourceVersionDate "2021.10.06"]
[SourceQuality "1"]

1. d4 d5 2. c4 c6 3. Nf3 Nf6 4. Nc3 e6 5. Bg5 Be7 6. e3 Nbd7 7. Qc2 0-0 8. Bd3 h6 9. Bh4 dxc4 10. Bxc4 b5 11. Bd3 Nd5 12. Bxe7 Qxe7 13. a3 a6 14. 0-0 Bb7 15. Rfc1 Nxc3 16. Qxc3 Rfc8 17. b4 Ra7 18. Nd2 e5 19. Bf5 Rd8 20. Nb3 Ba8 21. dxe5 Nxe5 22. Nc5 g6 23. Be6 Qf6 24. Bb3 Nd7 25. Qxf6 Nxf6 26. Rd1 Rxd1+ 27. Rxd1 a5 28. f3 Kf8 29. Kf2 Ke7 30. e4 axb4 31. axb4 g5 32. Rd2 Nh5 33. g3 Ng7 34. Ra2 Rxa2+ 35. Bxa2 f6 36. Ke3 Ne8 37. Kd4 Nd6 38. e5 fxe5+ 39. Kxe5 Bb7 40. Nxb7 Nxb7 41. Kf5 c5 42. bxc5 Nxc5 43. Kg6 b4 44. Kxh6 Kf6 45. Kh5 b3 46. Bb1 b2 47. Kg4 Nb3 48. f4 gxf4 49. Kxf4 Nd2 50. Bd3 b1Q 51. Bxb1 Nxb1 1/2-1/2

[Event "NCA-ch sf"]
[Site "Managua"]
[Date "2021.02.28"]
[Round "8"]
[White "Espinoza, Felix"]
[Black "Flores, Manuel"]
[Result "1/2-1/2"]
[WhiteElo "2139"]
[BlackElo "1899"]
[PlyCount "75"]
[EventDate "2021.02.13"]
[EventType "swiss"]
[EventRounds "9"]
[EventCountry "NCA"]
[SourceTitle "EXT 2022"]
[Source "ChessBase"]
[SourceDate "2021.10.06"]
[SourceVersion "1"]
[SourceVersionDate "2021.10.06"]
[SourceQuality "1"]

1. e4 c5 2. Nf3 Nc6 3. d4 cxd4 4. Nxd4 e5 5. Nb5 d6 6. N1c3 a6 7. Na3 b5 8. Nd5 Nge7 9. Bg5 f6 10. Be3 Nxd5 11. Qxd5 Bd7 12. Be2 Qc8 13. 0-0 Be6 14. Qd2 Be7 15. f4 0-0 16. f5 Bf7 17. c4 b4 18. Nc2 Qb7 19. b3 a5 20. Bd3 a4 21. Rab1 axb3 22. axb3 Ra2 23. Qf2 Rfa8 24. Qh4 Bd8 25. Kh1 Bb6 26. Bc1 Nd4 27. Nxb4 Ra1 28. Rxa1 Rxa1 29. Nd5 Bxd5 30. cxd5 Nxb3 31. Bb2 Rxf1+ 32. Bxf1 Nd2 33. Bd3 Ba5 34. Qh5 h6 35. Qe8+ Kh7 36. Bc1 Qb3 37. Be2 Qe3 38. Qg6+ 1/2-1/2

[Event "NCA-ch sf"]
[Site "Managua"]
[Date "2021.02.14"]
[Round "2"]
[White "Arevalo Lopez, Josue"]
[Black "Flores, Manuel"]
[Result "1/2-1/2"]
[WhiteElo "2037"]
[BlackElo "1899"]
[PlyCount "44"]
[EventDate "2021.02.13"]
[EventType "swiss"]
[EventRounds "9"]
[EventCountry "NCA"]
[SourceTitle "EXT 2022"]
[Source "ChessBase"]
[SourceDate "2021.10.06"]
[SourceVersion "1"]
[SourceVersionDate "2021.10.06"]
[SourceQuality "1"]

1. d4 d5 2. c4 c6 3. cxd5 cxd5 4. Nc3 e6 5. Bf4 Bd6 6. Bxd6 Qxd6 7. e3 a6 8. Nf3 Nf6 9. Be2 0-0 10. 0-0 Nbd7 11. Qb3 b6 12. a4 Bb7 13. Qa3 Qxa3 14. Rxa3 Rfc8 15. Bd3 Rc7 16. Rb3 Rac8 17. h3 h6 18. Rd1 Kf8 19. Kf1 Ke7 20. Ke1 g6 21. Rc1 g5 22. g4 Rh8 1/2-1/2

[Event "NCA-chT 1st Stage"]
[Site "Managua"]
[Date "2020.10.11"]
[Round "8.7"]
[White "Perez Salazar, Jimmy Alberto"]
[Black "Flores, Manuel"]
[Result "0-1"]
[WhiteElo "1491"]
[BlackElo "1894"]
[PlyCount "50"]
[EventDate "2020.10.03"]
[EventType "team-swiss"]
[EventRounds "9"]
[EventCountry "NCA"]
[SourceTitle "EXT 2022"]
[Source "ChessBase"]
[SourceDate "2021.10.06"]
[SourceVersion "1"]
[SourceVersionDate "2021.10.06"]
[SourceQuality "1"]

1. d4 d5 2. Bf4 Nf6 3. e3 e6 4. Nf3 c5 5. c3 Nc6 6. Nbd2 Bd6 7. Ne5 0-0 8. h4 Qc7 9. Ndf3 Ne4 10. h5 cxd4 11. exd4 f6 12. Ng6 Bxf4 13. Nxf8 Kxf8 14. Bd3 f5 15. Bxe4 dxe4 16. Nh4 Ne7 17. Qe2 b6 18. g4 a5 19. Rg1 Ba6 20. Qc2 Bd3 21. Qb3 Qd6 22. gxf5 exf5 23. Ng2 Bh6 24. Kd1 Qh2 25. Re1 Qxg2 0-1